000 00333 a2200109 4500
001 ART_11201
005 20260410161855.0
008 260409a
245 1 0 _aDe la eutanasia del rentista a la eutanasia del empresario
100 1 _aTagle, Manuel
773 0 _tRevista de Economía
_g- Nº 37 (jun. 1983)
_wREV11077
999 _c25382
_d25382